Raspredelenije upravľajuščije i vyčiliteľnyje sistemy

Saved in:
Bibliographic Details
Format: Book
Language:Russian
Published: Moskva : Nauka, 1987
Tags: Add Tag
No Tags, Be the first to tag this record!

MARC

LEADER 00000nam a22000003a 4500
001 stu4727
005 20141122103606.2
008 931103s1987----xxr-----------------rus-d
040 |a STU  |b slo 
041 0 |a rus 
044 |a xxr 
080 |a 681.324.01 
080 |a 519.685  |7 stu_us_auth*stu8263 
080 |a 681.513.6 
245 |a Raspredelenije upravľajuščije i vyčiliteľnyje sistemy 
260 |a Moskva :  |b Nauka,  |c 1987 
300 |a 166 s 
996 |b E65054  |c E*65054  |l EE03  |s P  |a 0  |w stu4727_0002